| 000 | 00838cam a22002533a 4500 | ||
|---|---|---|---|
| 001 | 8740 | ||
| 003 | PGUSA | ||
| 005 | 20140828083204.0 | ||
| 008 | 050801s2005||||xxu|||||s|||||000 1 eng d | ||
| 040 |
_aPGUSA _beng |
||
| 042 | _adc | ||
| 050 | 4 | _aPS | |
| 100 | 1 |
_aTarkington, Booth, _d1869-1946 |
|
| 245 | 1 | 0 |
_aIn the Arena : _bStories of Political Life _h[electronic resource] / _cBooth Tarkington |
| 260 |
_bProject Gutenberg, _c2005 |
||
| 505 | 0 | _aBoss Gorgett -- The aliens -- The need of money -- Hector -- Mrs. Protheroe -- Great men's sons. | |
| 506 | _aPublic domain in the USA. | ||
| 516 | _aElectronic text | ||
| 653 | _aUnited States -- Social life and customs -- Fiction | ||
| 653 | _aPolitical fiction, American | ||
| 830 | 0 |
_aProject Gutenberg _v8740 |
|
| 856 | 4 | 0 | _uhttp://www.gutenberg.org/ebooks/8740 |
| 942 | _cEB | ||
| 999 |
_c238040 _d238040 |
||